Statistics for Capital Cities closest to the Seven Summits (Messner list)

Click here to take the quiz!

General Stats

  • This quiz has been taken 35 times
  • The average score is 27 of 40

Answer Stats

Capital City% Correct
Kathmandu
100%
Kilimanjaro
100%
Kilimanjaro
84%
Nairobi
84%
Elbrus
84%
New Delhi
84%
Everest
81%
Santiago
81%
Kilimanjaro
75%
Ankara
75%
Elbrus
75%
Buenos Aires
75%
Baku
72%
Yerevan
72%
Everest
72%
Kilimanjaro
72%
Kilimanjaro
69%
Everest
69%
Thimphu
69%
Tbilisi
69%
Tehran
66%
Aconcagua
66%
Kilimanjaro
63%
Dodoma
63%
Dhaka
63%
Everest
63%
Kigali
63%
Bujumbura
63%
Elbrus
63%
Elbrus
59%
Kampala
59%
Mogadishu
59%
Kilimanjaro
59%
Baghdad
47%
Elbrus
47%
Juba
44%
Aconcagua
44%
Chisinau
25%
Elbrus
25%

Score Distribution

Percentile by Number Answered

Percent of People with Each Score

Your Score History

You have not taken this quiz